000 00319nam a2200145Ia 4500
100 _aBown/John
942 _cRB
654 _aMoulding Plastic
245 _aInjection Moulding Plastic Components
260 _bMcGraw Hill
_aLondon
_c1979
082 _a668.4
_bBow
300 _a206
546 _aENGLISH
999 _c20134
_d20134